000 00301nam a2200109Ia 4500
008 230907s9999||||xx |||||||||||||| ||und||
082 _a6.312
_bENC
100 _aAlhajj, Reda.
_9115917
245 0 _aEncyclopedia of social network analysis and mining /
300 _a4 v. ; various pages.
942 _cBK
999 _c600142
_d600142